| 000 | 00983nam a22002897a 4500 | ||
|---|---|---|---|
| 001 | 22119 | ||
| 005 | 20260416160947.0 | ||
| 008 | 260324b |||||||| |||| 00| 0 spa d | ||
| 020 | _a9789972441936 | ||
| 041 | _aESP | ||
| 082 |
_a633.0985 _bM61 |
||
| 100 | _a, | ||
| 110 | _aMinisterio de Desarrollo Agrario y Riego | ||
| 245 | _aCompendio de cultivares y razas de cuyes generados por el INIA | ||
| 250 | _aPrimera edición | ||
| 260 |
_aLima : _bMinisterio de Desarrollo Agrario y Riego, _c2025 |
||
| 300 |
_a469 páginas : _bilustraciones ; _c28 cm. |
||
| 440 | _a ; | ||
| 650 | _aTCA | ||
| 653 | _aCultivos alimenticios; Cuyes, Perú | ||
| 654 | _aCII | ||
| 700 |
_aLobato-Gálvez, Roiser H., _eAUT |
||
| 700 |
_aOre-Aquino, Zoila L., _eAUT |
||
| 700 |
_aCochas-Escandón, Juanita M., _eAUT |
||
| 856 |
_uhttps://0u20ftxgb-y-https-research-ebsco-com.itmsp.museknowledge.com/c/qxo6us/search _zVéase además: Base de datos EBSCOhost |
||
| 942 |
_cLIB _dJUS _fMIP _n0 _2ddc |
||
| 999 |
_c22119 _d22119 |
||